[Event "FIDE Chesscom Grand Swiss 2019"]
[Site "Douglas-Isle of Man"]
[Date "2019.10.14"]
[Round "5.1"]
[White "McShane, Luke J"]
[Black "Caruana, Fabiano"]
[Result "1/2-1/2"]
[WhiteElo "2682"]
[BlackElo "2812"]
[Annotator "TA"]
[PlyCount "169"]
[EventDate "2019.10.10"]
[EventType "swiss"]
[EventCountry "GBR"]
[SourceTitle "playchess.com"]
[Source "ChessBase"]
[SourceQuality "1"]

{[%evp 9,169,6,20,13,22,-5,0,-3,-10,-24,-15,-12,-8,-16,0,-16,-22,-14,0,-51,-26,-28,-24,-32,-41,-40,-37,-36,-34,-38,-39,-33,-32,-35,39,62,30,51,22,29,41,43,35,0,48,62,52,48,43,48,106,76,136,67,85,84,69,72,198,204,366,347,324,294,400,418,418,381,328,0,190,197,200,209,164,183,178,172,197,195,177,174,179,182,174,147,277,277,271,272,262,258,221,221,942,883,944,944,777,549,524,511,487,463,12838,12839,12838,12834,12834,12835,12835,12835,12836,118,118,118,118,118,118,118,118,118,118,118,118,118,118,118,118,118,118,118,118,118,118,118,118,118,118,118,118,118,118,0,0,0,0,0,0,0,0,0,0,0,0,0,0,0,0,0,0,0]} 1. e4 e5 2. Nf3 Nc6 3. Nc3 Nf6 4. Bb5 Bd6 5. d3 O-O 6. O-O {C48: Four Knights: 4 Bb5, replies other than 4...Bb4} h6 7. Kh1 $146 ({Predecessor:} 7. a3 Re8 8. Be3 Bf8 9. Bc4 d6 10. h3 Be6 11. Bxe6 Rxe6 12. Nd5 Ne7 {1-0 (35) Nepomniachtchi,I (2776)-Tomashevsky,E (2718) Khanty-Mansiysk 2019}) 7... Re8 8. Bxc6 bxc6 9. Ng1 Bf8 10. f4 exf4 11. Bxf4 d5 12. e5 Bg4 13. Qd2 Nh5 14. Rae1 (14. h3 $11 Nxf4 15. Qxf4) 14... Rb8 15. h3 Nxf4 16. Qxf4 Bh5 17. Nd1 {[%cal Bc3d1,Bd1e3,Be3g2,Bg2f4][%mdl 32]} Rb4 18. Qf2 c5 19. b3 Rb6 20. Nf3 Rbe6 21. Ne3 Qd7 (21... f6 $15) 22. g4 $14 Bg6 23. Ng2 c4 24. Nf4 cxd3 25. cxd3 (25. Nxe6 Rxe6 26. c3 c5 $15) 25... Bb4 26. Rd1 R6e7 27. Qxa7 Bh7 28. Qd4 c5 29. Qxd5 Qa7 (29... Rd8 $14 30. Qc4 g5) 30. Qc4 Qxa2 (30... Ba5 $142) 31. g5 ({White should play} 31. Ra1 $16 Qb2 32. Qd5) 31... hxg5 32. Nxg5 Qa8+ 33. Kg1 {aiming for e6.} Qc6 (33... Qb8 $16 {is a better defense.}) 34. d4 $18 {Strongly threatening e6!} Bf5 $2 (34... Qh6 35. Nxh7 Qxh7 36. dxc5 Ba5) 35. Nd5 {[%mdl 64] Double Attack} Rd7 36. Ne3 (36. Rxf5 $6 Qxd5 37. Qc2 Re6 $18) (36. Nxb4 Qg6 $16) 36... Bg6 37. d5 Qc7 38. Ng4 (38. d6 Qd8 $16) 38... Qd8 39. e6 $2 (39. h4 $18) 39... fxe6 $2 (39... Qxg5 $11 {and Black stays safe.} 40. exd7 Re4) 40. Nxe6 {[%mdl 64] Double Attack} Qb8 (40... Rxe6 $2 41. dxe6 Rxd1 42. e7+ Qd5 43. Rxd1 $18) 41. d6 $1 Rxd6 (41... Bf7 $2 42. Nh6+ $1 {[%mdl 512]} Kh7 43. Nxf7 $18) 42. Nc7+ $1 (42. Nxc5+ $2 Kh7 $19) 42... Rde6 43. Rd7 ({Of course not} 43. Nxe6 $6 Qg3+ 44. Kh1 Qxh3+ 45. Nh2 (45. Kg1 Qg3+ 46. Kh1 Qh3+ 47. Nh2 Qxe6 $11) 45... Qxe6 $11) 43... Kh8 44. Qf4 ({Not} 44. Nxe6 Qg3+ 45. Kh1 Qxh3+ 46. Kg1 Qg3+ 47. Kh1 Qh3+ 48. Kg1 Qg3+ 49. Kh1 Qh3+ $11) 44... Qb6 45. Nxe6 $40 {[%mdl 128] White has strong attack.} Qxe6 46. Rd6 $1 {[%cal Rd6e6]} Qe4 {[#]} 47. Qg5 $1 Kh7 (47... Bh7 $16) 48. Qh4+ Kg8 {[#] ...c4 is the strong threat.} 49. Qg3 $1 Kh7 {intending ...c4.} 50. Nf2 Qc2 51. Nd3 Be4 $2 (51... Bxd3 52. Rxd3 Bd2) 52. Qg5 {Qh5+ would kill now.} Qe2 53. Nxb4 cxb4 54. Rd2 Qa6 55. Qh5+ Qh6 56. Qxh6+ Kxh6 {[%mdl 4096] Endgame KRR-KRB} (56... gxh6 $142 57. Rf6 Kg7) 57. Re1 Re5 58. Kh2 Rd5 59. Rxd5 Bxd5 {KR-KB} 60. Re3 g5 61. Kg3 $2 (61. Rg3 $18 Kh5 62. Rg4 Bxb3 63. Rxb4) 61... Kg6 $16 62. Kf2 Kf5 63. Rg3 Be6 64. Ke2 Bd5 65. Kd2 {Black must now prevent Kc2.} Be6 66. Rf3+ Ke5 67. Re3+ Kf6 68. Kc2 Bf5+ 69. Kc1 Be6 70. Kd2 Bd5 71. Kc2 {Threatens to win with Re8.} Be6 72. Kb2 Bf5 73. Rg3 Be6 74. Rd3 Ke5 75. Re3+ Kf6 76. Re4 (76. Rg3 $16) 76... Bxh3 $11 {The position is equal.} 77. Rxb4 g4 78. Re4 g3 79. Kc3 Kf5 (79... g2 $5 80. Re1 $8 Kf5 $11) 80. Re1 Kf4 81. b4 {[%cal Bb3b4,Bb4b5,Bb5b6][%mdl 32]} Kf3 82. b5 Kf2 83. Kd2 {And now b6 would win.} g2 84. b6 {Threatening mate with b7.} Bc8 85. Re2+ {Accuracy: White = 74%, Black = 69%.} 1/2-1/2

[Event "FIDE Chesscom Grand Swiss 2019"]
[Site "Douglas-Isle of Man"]
[Date "2019.10.14"]
[Round "5.1"]
[White "Akobian, Varuzhan"]
[Black "Amin, Bassem"]
[Result "1/2-1/2"]
[WhiteElo "2625"]
[BlackElo "2699"]
[Annotator "TA"]
[PlyCount "102"]
[EventDate "2019.10.10"]
[EventType "swiss"]
[EventCountry "GBR"]
[SourceTitle "playchess.com"]
[Source "ChessBase"]
[SourceQuality "1"]

{[%evp 11,102,23,51,33,46,36,68,26,32,39,61,22,28,0,31,0,11,-12,30,19,33,16,45,0,-8,-14,0,0,0,0,0,0,68,0,67,60,65,17,64,57,62,0,0,0,0,0,0,0,0,0,175,0,0,0,0,0,0,0,0,0,0,0,0,0,0,0,0,0,0,0,0,0,0,0,0,0,0,0,0,0,0,0,0,0,0,0,0,0,0,0,0,0,0]} 1. d4 Nf6 2. c4 g6 3. Nc3 Bg7 4. e4 d6 5. h3 O-O 6. Be3 c6 7. Bd3 {E71: King's Indian: 4 e4 d6 5 h3} (7. Nf3 Na6 8. Bd3 e5 9. d5 Nh5 10. O-O Nf4 11. Bc2 Qf6 12. Kh2 Bd7 13. a3 Rfc8 14. Ng1 cxd5 15. cxd5 {½-½ (31) Anton Guijarro,D (2678)-Amin,B (2707) Changsha 2019}) 7... Na6 8. Nge2 Nc7 $146 ({Predecessor:} 8... e5 9. d5 cxd5 10. cxd5 Nc5 11. Bc2 a5 12. O-O Bd7 13. a4 Qb6 14. Rb1 Ne8 15. Kh1 Nc7 16. b3 N7a6 17. Bd3 Qd8 18. Bb5 {½-½ (18) Pulvett Marin,D (2464)-Reyes Larena,J (2451) Madrid 2019}) 9. a4 {White is slightly better.} a5 10. Qd2 e5 11. d5 Na6 12. g4 Nb4 13. Ng3 Nd7 14. O-O-O cxd5 15. Nxd5 Nxd5 16. exd5 b6 17. Bh6 (17. Bc2 $14) 17... Nc5 $11 18. Bc2 $1 f5 19. Kb1 f4 20. Bxg7 Kxg7 21. Ne4 f3 (21... Nxe4 $11 22. Bxe4 Qh4) 22. Rhg1 ({White should play} 22. Rde1 $1 $14) 22... Rf4 (22... Nxe4 $11 23. Bxe4 Rf4) 23. Rde1 $1 $14 Qc7 24. b3 Bd7 25. Rg3 $1 Raf8 26. Re3 (26. Qc3 $1 $14) 26... Nxe4 $11 27. Bxe4 Qc5 28. Bc2 Rd4 29. Qe1 Rdf4 30. Kb2 b5 $2 {[#]} (30... Be8 $11 {and Black stays safe.}) 31. axb5 $2 (31. cxb5 $18 Rc8 32. Qc3) 31... a4 $1 {The position is equal.} 32. Qc3 {[%cal Rg3f3]} Rc8 33. Rgxf3 (33. Rxe5 {is interesting.} dxe5 34. Qxe5+ Kg8 35. Qxf4 axb3 36. Bxb3 Qxf2+ 37. Bc2) 33... Rxf3 34. Rxf3 Bxb5 $1 35. Qe3 {[#] Strongly threatening Qxc5.} axb3 36. Qxc5 Rxc5 37. Bxb3 Bxc4 {[%mdl 4096] Endgame KRB-KRB} 38. Rc3 Bb5 39. Rxc5 dxc5 {KB-KB} 40. g5 Kf7 41. Kc3 Ke7 42. Bc4 Bd7 43. h4 Kd6 44. Kd3 Bf5+ 45. Ke3 Bc2 46. f3 Ba4 47. Kd2 Bd7 48. Kd3 Bf5+ 49. Ke3 Bb1 50. Bb3 Bf5 51. Bc4 Kc7 {Accuracy: White = 61%, Black = 56%.} 1/2-1/2

[Event "FIDE Chesscom Grand Swiss 2019"]
[Site "Douglas-Isle of Man"]
[Date "2019.10.14"]
[Round "5.2"]
[White "Wang, Hao"]
[Black "Maghsoodloo, Parham"]
[Result "1/2-1/2"]
[WhiteElo "2726"]
[BlackElo "2664"]
[Annotator "TA"]
[PlyCount "98"]
[EventDate "2019.10.10"]
[EventType "swiss"]
[EventCountry "GBR"]
[SourceTitle "playchess.com"]
[Source "ChessBase"]
[SourceQuality "1"]

{[%evp 18,98,13,16,20,4,30,14,20,21,4,0,17,10,30,0,34,0,0,0,0,0,40,0,0,0,0,0,0,0,0,-40,-29,-26,-38,-56,-45,-50,0,0,62,-91,-85,-122,-87,-69,-93,-101,-70,-114,-78,-86,-36,-112,-5,-110,-98,-92,-106,-99,-99,-87,-60,-62,-66,-82,-74,-66,-66,-87,-8,-15,0,0,146,0,0,0,0,0,0,0,0]} 1. d4 Nf6 2. c4 e6 3. g3 d5 4. Nf3 Be7 5. Bg2 O-O 6. O-O Nbd7 7. Qc2 c6 8. b3 b6 9. Rd1 Bb7 10. Nc3 Ba6 {E08: Closed Catalan: Main Line: 7 Qc2} 11. Bb2 (11. e4 dxc4 12. e5 Nd5 13. bxc4 Bxc4 14. Ne4 b5 15. Neg5 g6 16. h4 Qe8 17. h5 h6 18. Ne4 {1-0 (44) Abasov,N (2632)-Piorun,K (2660) Khanty-Mansiysk 2019}) 11... Qc7 12. e4 $146 ({Predecessor:} 12. Nd2 b5 13. e4 dxc4 14. bxc4 bxc4 15. Na4 c5 16. d5 Rab8 17. Nxc4 Bxc4 18. Qxc4 {½-½ (49) Munizaba,S (2426)-Radlovacki,J (2300) Valjevo 2018}) 12... dxc4 13. bxc4 Bxc4 14. Nd2 Ba6 15. e5 $1 {[%cal Re5f6]} Ne8 16. Rac1 Rc8 17. Be4 {[%mdl 1024] White has compensation.} g6 18. Qa4 Qb7 19. Bg2 Nb8 20. Nce4 Be2 21. Re1 Qa6 22. Qb3 Qb5 $1 23. Qc3 Qd3 $1 24. Rxe2 Qxe2 25. Nc4 $1 Qh5 26. Ba3 Bxa3 27. Qxa3 f5 28. Qe7 Rc7 (28... Qh6 $1 $11 29. Ng5 (29. Qxe6+ $2 Kh8 $19) 29... Kh8) 29. Qxe6+ $2 (29. Nf6+ $1 $14 {was the only good move.} Rxf6 30. Qxe8+ {[%mdl 64] Double Attack} Rf8 31. Qxe6+ Kg7 32. Nd6) 29... Kh8 $17 30. Ned2 Qg5 31. Ne3 f4 32. Ne4 Qd8 33. gxf4 Rxf4 34. Rd1 Ng7 35. Qb3 (35. Qh3 $15) 35... Nd7 (35... Qh4 $1 $17 36. f3 Nd7) 36. e6 (36. d5 $1 $11 Rxe4 {[%mdl 64] Remove Defender} 37. Bxe4) 36... Nf6 37. Nxf6 Rxf6 38. d5 cxd5 39. Nxd5 Rxe6 {Strongly threatening ...Rcc6.} 40. Nxc7 Qxc7 41. Qg3 Qe7 42. Qb8+ Ne8 43. Kf1 {[#]} Qa3 (43... Re5 $1 $17 44. Bc6 Qc5) 44. Qc8 $1 $11 {[%cal Rc8e6]} Qxa2 45. Bf3 $1 {Hoping for Qc3+.} Kg7 {[#]} (45... Re5 $11 {keeps the balance.}) 46. Rd7+ (46. Qc3+ $1 $16 Rf6 47. Rd7+ Kf8 48. Qb4+ Nd6 49. Rxd6 Rxd6 50. Qxd6+ Kg7 51. Qe5+ Kh6 52. Qe3+ Kg7 53. Qe5+ Kh6 54. Qf4+ Kg7 55. Qd4+ Kh6 56. Qf4+ Kg7 57. Qe5+) 46... Kf8 {And now ...Qb1+ would win.The position is equal.} 47. Rxh7 {Threatens to win with Kg2.} Qa1+ 48. Kg2 Re7 49. Bc6 {aiming for Rxe7.} Rxh7 {Accuracy: White = 51%, Black = 54%.} 1/2-1/2

[Event "FIDE Chesscom Grand Swiss 2019"]
[Site "Douglas-Isle of Man"]
[Date "2019.10.14"]
[Round "5.2"]
[White "Vallejo Pons, Francisco"]
[Black "Huschenbeth, Niclas"]
[Result "1/2-1/2"]
[WhiteElo "2694"]
[BlackElo "2624"]
[Annotator "TA"]
[PlyCount "126"]
[EventDate "2019.10.10"]
[EventType "swiss"]
[EventCountry "GBR"]
[SourceTitle "playchess.com"]
[Source "ChessBase"]
[SourceQuality "1"]

{[%evp 14,126,19,8,16,0,6,-5,16,-2,4,-13,0,-20,-7,-32,-46,-61,-54,-86,-83,-78,-78,-85,-97,-143,-136,-137,-156,-171,-133,-288,-284,-286,-292,-276,-133,-181,-178,-191,-192,-192,-192,-189,-185,-188,-196,-210,-207,-175,-164,-181,-120,-121,-125,-108,0,0,0,0,0,0,0,0,0,0,0,0,0,0,0,0,0,0,0,0,0,0,0,0,0,0,0,0,0,0,0,-10,-10,-8,-10,-10,0,-27,-8,-8,-8,-8,-8,-8,-8,-8,0,0,0,0,0,0,0,0,0,-8,0,-7,0]} 1. e4 e5 2. Nf3 Nf6 3. Nxe5 d6 4. Nf3 Nxe4 5. Qe2 Qe7 6. d3 Nf6 7. Nc3 Qxe2+ 8. Bxe2 g6 {C42: Petroff Defence: 3 Nxe5 and unusual White 3rd moves} 9. Bg5 Bg7 10. O-O-O a6 $146 ({Predecessor:} 10... O-O 11. Rhe1 h6 12. Bh4 Nc6 13. d4 a6 14. a3 Bd7 15. d5 Na7 16. Nd4 {½-½ (65) So,W (2799)-Caruana,F (2784) Berlin 2018}) 11. Rhe1 O-O 12. d4 h6 13. Bh4 b5 {[%cal Bb7b5,Bb5b4][%mdl 32]} 14. Nd2 g5 {Strongly threatening ...b4.} 15. Bf3 b4 16. Ncb1 Ra7 17. Bg3 h5 $36 {[%mdl 2048] White is under strong pressure.} 18. h4 g4 19. Be2 Nc6 {[%cal Bb8c6,Bc6a5,Ba5b3][%mdl 32]} 20. c3 Bf5 21. Bf4 bxc3 22. bxc3 $2 (22. Nxc3 $17 Nxd4 23. Bc4) 22... Nd5 $19 23. Be3 Na5 24. Kb2 Nb6 (24... Rb8+ $19 {has better winning chances.} 25. Ka1 Rab7) 25. Nb3 Nbc4+ 26. Ka1 Nxb3+ 27. axb3 Nxe3 28. fxe3 Bc2 29. Rd2 Bxb3 30. Rf1 Be6 31. Rb2 Raa8 32. Nd2 Rfb8 (32... Bh6 $19 33. e4 f5 34. exf5 Bxf5 35. Bc4+ Kh8) 33. Ne4 $17 Rxb2 34. Kxb2 Re8 (34... a5 $17 35. Bd3 Rb8+ 36. Kc2 a4) 35. Ng3 $1 $11 Bc8 36. Bc4 Be6 ({Reject} 36... Rxe3 $6 37. Rxf7 Rxg3 38. Rf3+ Kh8 39. Rxg3 $16) 37. Be2 Bd5 38. Nxh5 Rxe3 ({Don't go for} 38... Bxg2 $2 39. Rg1 $18) 39. Bxg4 Bh8 ({But not} 39... Bxg2 $2 40. Rg1 $18) 40. Nf4 Bc4 41. Rf3 Re1 42. Rf2 c5 43. dxc5 dxc5 44. Be2 Bb5 45. Bh5 Re5 46. g4 Bc4 {Threatens to win with ...Re3.} 47. Rd2 Re3 48. Rd8+ Kh7 49. Nd5 Rf3 50. Rd7 (50. g5 {is more complex.} Rf2+ 51. Kc1 Bb3 52. Rd7 Kg8 53. Rd8+) 50... Bxd5 51. Rxd5 Bxc3+ {[%mdl 4096] Endgame KRB-KRB} 52. Kc2 Bd4 53. Rf5 Rc3+ 54. Kd2 {The position is equal.} f6 55. g5 fxg5 56. hxg5 Rh3 57. Be2 a5 58. Bd3 {Rf3+ is the strong threat.} Kg7 {[#]} 59. g6 $1 {[%mdl 512]} Rh2+ (59... Kxg6 60. Rf3+) 60. Kd1 Rg2 61. Rf7+ Kh6 62. Ra7 Bc3 {[#] aiming for ...Rd2+.} 63. g7 $1 {[%mdl 512]} Rxg7 {Accuracy: White = 53%, Black = 66%.} (63... Bxg7 64. Rxa5) 1/2-1/2

[Event "FIDE Chesscom Grand Swiss 2019"]
[Site "Douglas-Isle of Man"]
[Date "2019.10.14"]
[Round "5.3"]
[White "Kamsky, Gata"]
[Black "Sethuraman, S.P."]
[Result "1/2-1/2"]
[WhiteElo "2685"]
[BlackElo "2624"]
[Annotator "TA"]
[PlyCount "84"]
[EventDate "2019.10.10"]
[EventType "swiss"]
[EventCountry "GBR"]
[SourceTitle "playchess.com"]
[Source "ChessBase"]
[SourceQuality "1"]

{[%evp 23,84,6,3,2,6,9,6,6,17,0,12,0,0,0,0,0,0,0,0,0,0,0,0,0,0,0,0,0,0,0,0,0,0,0,10,0,8,6,13,0,0,0,0,0,0,0,0,0,0,0,0,0,0,0,0,0,0,0,0,0,0,0,0]} 1. e4 e5 2. Nf3 Nc6 3. Bb5 a6 4. Ba4 Nf6 5. O-O Nxe4 6. d4 b5 7. Bb3 d5 8. dxe5 Be6 9. Be3 Be7 10. c3 O-O 11. Nbd2 Bg4 12. Nxe4 dxe4 {The position is equal.} 13. Qd5 {C83: Open Ruy Lopez: 9 c3 Be7} Qxd5 14. Bxd5 exf3 15. Bxc6 fxg2 16. Kxg2 (16. Rfc1 Rab8 17. a3 Be6 18. b4 f6 19. Re1 Rbd8 20. Bd4 Bd5 21. Bxd5+ Rxd5 22. Kxg2 fxe5 {½-½ (22) Vachier Lagrave,M (2775)-Anand,V (2764) Paris 2019}) 16... Rab8 17. b4 f6 18. Bd5+ Kh8 19. f3 Bf5 20. e6 Bd6 {[#]} 21. Rfe1 $146 Rfe8 22. Bd4 Rbd8 23. Rad1 Bc2 24. Rd2 Bf4 25. Be3 Bxe3 26. Rxe3 {[#] aiming for e7.} c6 27. Rxc2 Rxd5 $11 {[%mdl 4096] Endgame KRR-KRR} 28. c4 Rd6 29. Ra3 h6 30. Rxa6 {[#] cxb5 is the strong threat.} Rexe6 31. cxb5 (31. Kf2 {feels hotter.} Kh7 32. a3 bxc4 33. Rxc4 Rd3 34. a4) 31... cxb5 32. Rxd6 (32. Ra7 {is interesting.} Re5 33. h4 Rd4 34. Rcc7 Rxh4 35. Rxg7 Rg5+ 36. Rxg5 fxg5 37. a3) 32... Rxd6 {KR-KR} 33. Rc5 Rd2+ 34. Kg3 Rxa2 35. Rxb5 Kh7 36. h4 Rd2 37. h5 Rd4 38. f4 f5 39. Kf3 Rd3+ 40. Ke2 Rd4 41. Ke3 Re4+ 42. Kf3 Rc4 {Accuracy: White = 75%, Black = 93%.} 1/2-1/2

[Event "FIDE Chesscom Grand Swiss 2019"]
[Site "Douglas-Isle of Man"]
[Date "2019.10.14"]
[Round "5.3"]
[White "Anton Guijarro, David"]
[Black "Karjakin, Sergey"]
[Result "1/2-1/2"]
[WhiteElo "2674"]
[BlackElo "2760"]
[Annotator "TA"]
[PlyCount "75"]
[EventDate "2019.10.10"]
[EventType "swiss"]
[EventCountry "GBR"]
[SourceTitle "playchess.com"]
[Source "ChessBase"]
[SourceQuality "1"]

{[%evp 9,75,9,9,14,13,8,6,6,4,6,5,7,4,3,10,8,11,13,13,1,1,2,8,0,6,1,8,7,9,14,26,22,27,29,33,20,48,27,29,25,34,20,31,16,22,0,0,0,11,0,36,36,35,35,83,91,94,90,97,87,86,0,0,0,0,0,17,0]} 1. c4 Nf6 2. Nf3 e6 3. g3 d5 4. Bg2 dxc4 5. Qa4+ Bd7 6. Qxc4 {A13: English Opening: 1...e6} c5 7. Ne5 Qc8 8. Qd3 Nc6 9. Nxd7 Nxd7 10. b3 Be7 11. Bb2 O-O 12. Nc3 ({Predecessor:} 12. O-O Rd8 {½-½ (48) Andersen,M (2605)-Diermair,A (2507) Batumi 2018}) 12... Rd8 13. O-O $146 (13. Rc1 Nf6 {½-½ (45) Cheparinov,I (2711)-Grandelius,N (2678) Germany 2019}) 13... Nf6 14. Qc2 Nb4 15. Qc1 Qd7 16. Rd1 Rac8 17. d3 b6 18. Qd2 Nbd5 19. Ne4 {[%cal Bc3e4,Be4d2,Bd2f3][%mdl 32]} h6 20. e3 Qb5 21. Bf1 Qe8 22. Qe2 Rd7 23. a3 {[%cal Ba2a3,Ba3a4][%mdl 32]} Rdd8 24. Nd2 Nd7 25. e4 Bf6 26. e5 Be7 27. Nf3 b5 28. a4 b4 29. Qe4 Nc3 30. Bxc3 $1 bxc3 31. Rac1 Rb8 32. Rxc3 Rb4 33. d4 Nb6 34. Bb5 Qf8 35. Bc4 ({White should play} 35. h4 $16) 35... Nxc4 $11 {The position is equal.} 36. Rxc4 Rxb3 37. Rdc1 {[%cal Rd4c5]} Rd5 38. Kg2 {Accuracy: White = 63%, Black = 72%.} 1/2-1/2

[Event "FIDE Chesscom Grand Swiss 2019"]
[Site "Douglas-Isle of Man"]
[Date "2019.10.14"]
[Round "5.4"]
[White "Grischuk, Alexander"]
[Black "Cheparinov, Ivan"]
[Result "1-0"]
[WhiteElo "2759"]
[BlackElo "2670"]
[Annotator "TA"]
[PlyCount "83"]
[EventDate "2019.10.10"]
[EventType "swiss"]
[EventCountry "GBR"]
[SourceTitle "playchess.com"]
[Source "ChessBase"]
[SourceQuality "1"]

{[%evp 23,83,0,0,0,0,7,14,6,16,8,23,15,97,20,38,39,27,27,24,31,65,60,96,95,93,95,88,93,102,99,102,88,139,126,158,157,188,166,191,189,178,168,316,314,266,281,364,275,373,379,400,358,352,351,351,323,410,394,380,330,380,337]} 1. Nf3 c5 2. e4 d6 3. c3 Nf6 4. g3 g6 5. Bg2 Bg7 6. O-O O-O 7. Re1 Nc6 8. d3 e5 9. a4 h6 10. Na3 d5 11. exd5 Nxd5 12. Nc4 Re8 13. a5 {A05: Réti Opening: 1 Nf3 Nf6} (13. Nfd2 Be6 14. a5 Rb8 15. Qa4 Qc7 16. Qb5 b6 17. Nf1 Red8 18. axb6 axb6 19. Nfe3 Nde7 20. Nf1 Bd7 {½-½ (35) Chadaev,N (2471)-Ionov,S (2546) Sochi 2008}) 13... Rb8 14. Qa4 Bf5 15. Nfd2 $146 {The position is equal.} ({Predecessor:} 15. Be3 Bf8 16. Rad1 Qc7 17. Bc1 Rbd8 18. a6 b6 19. Nfxe5 Rxe5 20. Nxe5 Nxe5 {0-1 (40) Bjornsson,B (2166)-Gretarsson,A (2328) Reykjavik 2009}) 15... Bxd3 16. Ne4 Bxe4 17. Bxe4 {Hoping for Rd1.} Re7 (17... f5 $11 {remains equal.} 18. Bg2 Re7) 18. Ne3 (18. Rd1 $16 Rd7 19. Be3) 18... Nf6 19. Bxc6 bxc6 20. Qxc6 Rc8 21. Qa4 e4 22. Rd1 $1 $36 {[%cal Rd1d8][%mdl 2048] White has the initiative.} Rd7 23. Rxd7 Qxd7 24. Qxd7 Nxd7 {[#]} 25. Nc4 $1 Ne5 26. Nxe5 Bxe5 $16 {[%mdl 4096] Endgame KRB-KRB} 27. a6 Rb8 ({Black should try} 27... Kg7) 28. Ra2 Rb3 29. Bxh6 Bd6 30. h4 f6 31. Be3 Kf7 32. Ra5 Rxb2 (32... Ke6 {is a better defense.}) 33. Bxc5 $18 Bxc5 34. Rxc5 {KR-KR} Ra2 35. Rc6 Ra3 36. g4 f5 37. g5 f4 38. Rf6+ Kg7 39. Rxf4 e3 40. fxe3 Rxa6 41. Kf2 Rc6 42. Ra4 {Accuracy: White = 81%, Black = 40%.} 1-0

[Event "FIDE Chesscom Grand Swiss 2019"]
[Site "Douglas-Isle of Man"]
[Date "2019.10.14"]
[Round "5.4"]
[White "Rodshtein, Maxim"]
[Black "Van Foreest, Jorden"]
[Result "1/2-1/2"]
[WhiteElo "2684"]
[BlackElo "2621"]
[Annotator "TA"]
[PlyCount "62"]
[EventDate "2019.10.10"]
[EventType "swiss"]
[EventCountry "GBR"]
[SourceTitle "playchess.com"]
[Source "ChessBase"]
[SourceQuality "1"]

{[%evp 15,62,20,24,26,32,8,47,36,34,16,0,23,28,1,1,14,28,25,33,35,40,36,20,0,54,0,0,0,0,0,0,2,37,-4,13,19,24,12,14,0,21,0,18,0,33,-17,0,0,33]} 1. c4 c6 2. Nf3 d5 3. e3 Nf6 4. d4 Bf5 5. Nc3 e6 6. Nh4 Be4 7. f3 Bg6 8. Qb3 Qc7 9. Bd2 {D12: Slav Defence: 3 Nf3 Nf6 4 e3 Bf5} Be7 10. g3 (10. O-O-O dxc4 11. Bxc4 b5 12. Be2 a6 13. Nxg6 hxg6 14. Ne4 Nxe4 15. fxe4 c5 16. d5 exd5 17. exd5 {½-½ (38) Ding,L (2811)-Shankland,S (2705) chess.com INT 2019}) 10... a6 11. Nxg6 {White is slightly better.} hxg6 12. Rc1 dxc4 13. Bxc4 Nbd7 14. Be2 e5 {[#]} 15. O-O $146 ({Predecessor:} 15. d5 Nc5 16. Qc2 e4 {½-½ (26) Vallejo Pons,F (2693)-Gomez,J (2524) Bangkok 2014}) 15... O-O 16. dxe5 Nc5 17. Qc2 Qxe5 18. Kg2 Rad8 19. Rcd1 b5 (19... Ne6 $11) 20. Bc1 (20. e4 $1 $14) 20... Nd5 $11 21. Nxd5 cxd5 22. b3 {[%cal Bb2b3,Bb3b4][%mdl 32]} Rfe8 23. Rfe1 Ne6 24. Qd2 (24. Bb2 $5 {[%cal Rb2e5]} Qd6 25. f4 $14) 24... Bc5 25. b4 Bb6 26. f4 $36 {[%mdl 2048] White is pushing.} Qc7 27. Qd3 Qc4 28. Qd2 Qc7 29. Qd3 Qc4 30. Qa3 Qc8 31. Qd3 Qc4 {Accuracy: White = 39%, Black = 52%.} 1/2-1/2

[Event "FIDE Chesscom Grand Swiss 2019"]
[Site "Douglas-Isle of Man"]
[Date "2019.10.14"]
[Round "5.5"]
[White "Kryvoruchko, Yuriy"]
[Black "Aronian, Levon"]
[Result "1/2-1/2"]
[WhiteElo "2669"]
[BlackElo "2758"]
[Annotator "TA"]
[PlyCount "77"]
[EventDate "2019.10.10"]
[EventType "swiss"]
[EventCountry "GBR"]
[SourceTitle "playchess.com"]
[Source "ChessBase"]
[SourceQuality "1"]

{[%evp 26,77,14,10,22,27,40,47,23,19,23,8,26,22,32,9,22,21,21,21,30,22,29,15,26,13,10,1,29,29,38,38,46,25,33,33,82,82,82,82,82,82,82,82,82,82,82,82,82,82,82,82,82,82]} 1. e4 e5 2. Nf3 Nc6 3. Bb5 a6 4. Ba4 Nf6 5. O-O Be7 6. Re1 b5 7. Bb3 O-O 8. c3 d5 9. exd5 Nxd5 10. Nxe5 Nxe5 11. Rxe5 c6 12. d3 Bd6 13. Re1 Bf5 14. Qf3 Qh4 {C89: Closed Ruy Lopez: Marshall Attack} 15. g3 Qh3 16. Be3 Bxd3 {White is slightly better.} 17. Nd2 Qf5 18. Bd4 Rfe8 19. a4 h6 {[#]} 20. a5 $146 ({Predecessor:} 20. Kg2 Qxf3+ 21. Nxf3 Rac8 22. Kg1 Rxe1+ 23. Rxe1 {½-½ (60) Karjakin,S (2782)-Aronian,L (2764) Paris 2018}) 20... Kf8 21. Qxf5 Bxf5 22. Bxd5 cxd5 23. b4 f6 24. f3 Kf7 25. Kf2 h5 26. Nb3 Bc2 {[#] White must now prevent ...Rxe1.} 27. Nc5 Bxc5 28. Bxc5 g5 29. h4 (29. Rxe8 {feels hotter.} Rxe8 30. Re1 Rxe1 31. Kxe1 Ke6 32. h4) 29... gxh4 30. gxh4 Rxe1 31. Rxe1 {White is better.} Re8 32. Rxe8 Kxe8 $16 {[%mdl 4096] Endgame KB-KB} 33. Ke3 Kd7 34. Kd4 Bd1 35. f4 Kc6 36. Be7 f5 37. Ke5 Bg4 38. Bc5 Kb7 39. Kxd5 {Accuracy: White = 76%, Black = 43%.} 1/2-1/2